• 首页
  • 本馆介绍
  • 公告通知
  • 最新文献
  • 馆藏检索
  • 电子资源
  • 读者导购
  • 参考咨询
  • 我的图书馆
  • 登录
  • 详细信息显示
  • 放入我的书架
  • 预约/预借图书
  • 作者相关作品
  • 分类相关作品
  • 丛书相关作品
  • 出版社相关作品

书目信息

  • 表格格式
  • 工作单格式
  • 卡片格式
题名:
湿地景观规划与管理
    
 
作者: 马国青 主编
分册:  
出版信息: 北京   中国林业出版社  2020.10
页数: 150页
开本: 26cm
丛书名:
单 册:
中图分类: P931.7
科图分类:
主题词: 沼泽化地--景观设计 , 沼泽化地--景观--环境管理
电子资源:
ISBN: 978-7-5219-0615-8
000 01329nam0 2200289 45
001 012001002181
005 20140913135808.0
010    @a978-7-5219-0615-8@dCNY68.00
100    @a20201116d2020 em y0chiy50 ea
101 0  @achi
102    @aCN@b110000
105    @ay z 000yy
106    @ar
200 1  @a湿地景观规划与管理@Ashi di jing guan gui hua yu guan li@f马国青主编
210    @a北京@c中国林业出版社@d2020.10
215    @a150页@d26cm
300    @a林业公益性行业科研专项——湿地景观生态规划关键技术研究支持出版
300    @a并列题名:Wetland landscape planning and management
312    @a封面英文题名:Wetland landscape planning and management
330    @a本书分为上篇和下篇,上篇共包括6章:第1章湿地景观规划概论;第2章湿地景观分类;第3章湿地景观调查与监测;第4章湿地景观评价;第5章湿地景观规划理论与技术;第6章湿地景观修复。下篇主要包括5章:第7章青海湖国家级自然保护区湿地保护与监测;第8章鄱阳湖国家级自然保护区湿地保护与利用;第9章三江源地区系统保护规划;第10章河南省林州淇淅河国家湿地公园保护与利用规划;第11章广西南丹拉希国家湿地公园保护规划。
510 1  @aWetland landscape planning and management@zeng
606 0  @a沼泽化地@x景观设计
606 0  @a沼泽化地@x景观@x环境管理
690    @aP931.7@v5
701  0 @a马国青@Ama guo qing@4主编
801  0 @aCN@bBJSDL@c20211011
905    @b1338750-3@dP931.7@e210@f4
    
    湿地景观规划与管理/马国青主编.-北京:中国林业出版社,2020.10
    150页;26cm
    林业公益性行业科研专项——湿地景观生态规划关键技术研究支持出版.-并列题名:Wetland landscape planning and management
    
    ISBN 978-7-5219-0615-8:CNY68.00
    本书分为上篇和下篇,上篇共包括6章:第1章湿地景观规划概论;第2章湿地景观分类;第3章湿地景观调查与监测;第4章湿地景观评价;第5章湿地景观规划理论与技术;第6章湿地景观修复。下篇主要包括5章:第7章青海湖国家级自然保护区湿地保护与监测;第8章鄱阳湖国家级自然保护区湿地保护与利用;第9章三江源地区系统保护规划;第10章河南省林州淇淅河国家湿地公园保护与利用规划;第11章广西南丹拉希国家湿地公园保护规划。
●
相关链接 在E读中查询图书 在五车中查询图书 在当当中查询图书 在豆瓣中查询图书


正题名:湿地景观规划与管理     索取号:P931.7/210         预约/预借

序号 登录号 条形码 馆藏地/架位号 状态 备注
1 1338750   213387501   第二样本阅览室/ [索取号:P931.7/210] 在馆    
2 1338751   213387510   第三借阅区/ [索取号:P931.7/210] 在馆    
3 1338752   213387529   第三借阅区/ [索取号:P931.7/210] 在馆    
4 1338753   213387538   第三借阅区/ [索取号:P931.7/210] 在馆    
欢迎您!
大连网信软件有限公司© 版权所有